Văn hóa Tây Bắc : Thực trạng và những vấn đề đặt ra

সংরক্ষণ করুন:
গ্রন্থ-পঞ্জীর বিবরন
প্রধান লেখক: Trần, Văn Bính
বিন্যাস: গ্রন্থ
ভাষা:Undetermined
প্রকাশিত: Hà Nội Chính trị Quốc gia 2004
বিষয়গুলি:
ট্যাগগুলো: ট্যাগ যুক্ত করুন
কোনো ট্যাগ নেই, প্রথমজন হিসাবে ট্যাগ করুন!
Thư viện lưu trữ: Trung tâm Học liệu Trường Đại học Cần Thơ
LEADER 00619nam a2200205Ia 4500
001 CTU_91628
008 210402s9999 xx 000 0 und d
082 |a 390.09597 
082 |b B312tb 
100 |a Trần, Văn Bính 
245 0 |a Văn hóa Tây Bắc : 
245 0 |b Thực trạng và những vấn đề đặt ra 
245 0 |c Trần Văn Bính 
260 |a Hà Nội 
260 |b Chính trị Quốc gia 
260 |c 2004 
650 |a Vietnam 
650 |x Minorities,Social life and customs 
904 |i Minh 
980 |a Trung tâm Học liệu Trường Đại học Cần Thơ